[Heterodoxná ekonómia]

Recenzia na monografiu, ktorá rozoberá teoretické poznatky, ku ktorým dospel J.M. Keynes a jeho stúpenci. Podáva plastický obraz o vývoji neortodoxnej ekonómie.

Gespeichert in:
Bibliographische Detailangaben
1. Verfasser: Přívara, Andrej, 1983-
Format: Buchkapitel
Sprache:Slowakisch
Schlagworte:
Tags: Tag hinzufügen
Keine Tags, Fügen Sie das erste Tag hinzu!

MARC

LEADER 00000naa a2200000 4500
001 0142891
005 20240502072549.1
041 0 |a slo 
044 |a SK 
245 1 0 |a [Heterodoxná ekonómia]  |c Andrej Přívara 
520 |a Recenzia na monografiu, ktorá rozoberá teoretické poznatky, ku ktorým dospel J.M. Keynes a jeho stúpenci. Podáva plastický obraz o vývoji neortodoxnej ekonómie. 
610 2 0 |a recenzie 
610 2 0 |a teória regulovania 
610 2 0 |a rovnováha hospodárska 
610 2 0 |a keynesizmus 
610 2 0 |a teórie ekonomické 
100 1 |a Přívara, Andrej, 1983-